000 00767nam a2200241 i 4500
001 bg
100 1 _aDROZDOWSKI, Piotr
245 1 0 _aWprowadzenie do napędów elektrycznych /
_cPiotr Drozdowski ; Politechnika Krakowska im. Tadeusza Kościuszki.
260 _aKraków :
_bPK,
_c1998.
300 _a362 s. :
_brys., wykr. ;
_c24 cm.
504 _aBibliogr. s. 358-362.
521 _aSkrypt dla studentów wyższych szkół technicznych.
650 9 _aNapęd elektryczny
655 _aPodręczniki akademickie
710 0 _aPolitechnika Krakowska im. Tadeusza Kościuszki
020 _a8390387867
040 _cBPK
041 0 _apl
080 _a621.313-83(075.8)
920 _a83-903878-6-7
942 _cKS
008 s pl f |000 0 pol
999 _c37874
_d37874
856 _uhttp://koha.tu.koszalin.pl/cgi-bin/koha/opac-detail.pl?biblionumber=37874
_yKatalog online BPK